Raleigh

Salvato in:
Dettagli Bibliografici
Autore principale: Cardenal, Ernesto, 1925-
Natura: Sconosciuto
Pubblicazione: Madrid: Ediciones Cultura Hispánica,
Soggetti:
Tags: Aggiungi Tag
Nessun Tag, puoi essere il primo ad aggiungerne!!

MARC

LEADER 000000000a22000000004500
001 000019
041 0 |a español 
100 1 |a Cardenal, Ernesto, 1925- 
245 1 0 |a Raleigh 
260 |a Madrid:   |b Ediciones Cultura Hispánica, 
310 |a bimestral 
650 4 |a LITERATURA NICARAGUENSE 
650 4 |a POESIA 
773 0 |t Cuadernos Hispanoamericanos 
773 0 |g 5 
773 0 |g 14 
773 0 |g c1950 
773 0 |g 315-320 páginas 
999 |c 772  |d 772